[Event "POL-ChT2"]
[Site "Katowice POL"]
[Date "2010.09.06"]
[Round "3"]
[White "Maksimenko, Andrei"]
[Black "Gritsak, Orest"]
[Result "1/2-1/2"]
[WhiteElo "2544"]
[BlackElo "2521"]
[EventDate "2010.09.04"]
[PlyCount "70"]

1.d4 Nf6 2.c4 g6 3.Nc3 d5 4.Bg5 Bg7 5.e3 c5 6.Bxf6 Bxf6 7.cxd5 cxd4 8.Bb5+
Bd7 9.Bxd7+ Nxd7 10.exd4 Nb6 11.Nf3 Nxd5 12.Qa4+ Kf8 13.Qb3 Nxc3 14.bxc3 
Qc7 15.O-O Rc8 16.Rfc1 Kg7 17.a4 Rhd8 18.h3 Rd6 19.a5 Rc6 20.Ra3 e6 21.Qb2
b6 22.axb6 axb6 23.Rb3 h5 24.Qd2 Rc4 25.Qe3 Kg8 26.h4 b5 27.Rxb5 Rxc3 28.
Rxc3 Qxc3 29.Qxc3 Rxc3 30.d5 Rc1+ 31.Kh2 e5 32.d6 Rd1 33.Nxe5 Bxe5+ 34.
Rxe5 Kf8 35.g3 Rxd6 1/2-1/2

[Event "POL-ChT2"]
[Site "Katowice POL"]
[Date "2010.09.06"]
[Round "3"]
[White "Stoma, Pawel"]
[Black "Grabarczyk, Miroslaw"]
[Result "1/2-1/2"]
[WhiteElo "2308"]
[BlackElo "2475"]
[EventDate "2010.09.04"]
[PlyCount "66"]

1.e4 e5 2.Nf3 Nc6 3.Bb5 Nf6 4.O-O Nxe4 5.Re1 Nd6 6.Nxe5 Nxe5 7.Rxe5+ Be7 
8.Bf1 O-O 9.d4 Ne8 10.Bd3 d5 11.Qf3 c6 12.c3 Bf6 13.Re1 g6 14.Bf4 Ng7 15.
Nd2 Bf5 16.Bh6 Bxd3 17.Qxd3 Re8 18.Rxe8+ Qxe8 19.Nf3 Qd7 20.Re1 Re8 21.
Rxe8+ Nxe8 22.Bf4 Nd6 23.Bxd6 Qxd6 24.g3 Qe6 25.Kg2 Bg7 26.a4 Bh6 27.a5 f6
28.Nd2 Bxd2 29.Qxd2 Qe4+ 30.f3 Qb1 31.Qf4 Qxb2+ 32.Kh3 Qxc3 33.Qb8+ Kg7 
1/2-1/2

[Event "POL-ChT2"]
[Site "Katowice POL"]
[Date "2010.09.06"]
[Round "3"]
[White "Krysztofiak, Marcin"]
[Black "Ksieski, Zbigniew"]
[Result "0-1"]
[WhiteElo "2463"]
[BlackElo "2359"]
[EventDate "2010.09.04"]
[PlyCount "48"]

1.g3 c5 2.Bg2 g6 3.e4 Nc6 4.d3 Bg7 5.f4 d5 6.exd5 Nb4 7.c4 Bf5 8.Be4 Qa5 
9.Kf1 e6 10.Bxf5 gxf5 11.dxe6 O-O-O 12.exf7 Nh6 13.Nc3 Bxc3 14.bxc3 Nxd3 
15.Bd2 Nxf7 16.Qh5 Nd6 17.Nf3 Nxc4 18.Qxf5+ Kb8 19.Qf6 Rhe8 20.a4 Qc7 21.
Rg1 Rd6 22.Qg5 Qc6 23.Qh5 Rh6 24.Qg4 Rxh2 0-1

[Event "POL-ChT2"]
[Site "Katowice POL"]
[Date "2010.09.06"]
[Round "3"]
[White "Miroslaw, Michal"]
[Black "Borgula, Rafal"]
[Result "1/2-1/2"]
[WhiteElo "2291"]
[BlackElo "2314"]
[EventDate "2010.09.04"]
[PlyCount "84"]

1.e4 c5 2.Nf3 Nc6 3.d4 cxd4 4.Nxd4 Nf6 5.Nc3 e5 6.Ndb5 d6 7.Bg5 a6 8.Na3 
b5 9.Nd5 Be7 10.Bxf6 Bxf6 11.c3 O-O 12.Nc2 Rb8 13.Ncb4 Nxb4 14.Nxb4 Bb7 
15.Nd5 Bxd5 16.Qxd5 Qb6 17.a3 Qc5 18.Rd1 Qxd5 19.Rxd5 Rb6 20.Be2 Rc8 21.
O-O Kf8 22.Rfd1 Ke7 23.Kf1 g6 24.Ke1 Bg5 25.g3 h5 26.f4 Bf6 27.Kf2 h4 28.
Bg4 Rcc6 29.Be2 Rb8 30.Kg2 Rh8 31.R1d2 Bg7 32.Bd1 Bh6 33.Rf2 Bg7 34.Bb3 
h3+ 35.Kf1 exf4 36.gxf4 Rh4 37.Rd3 Bh6 38.Bd5 Rc7 39.Rdf3 f6 40.Rg3 Rxf4 
41.Rxg6 Rxf2+ 42.Kxf2 Bc1 1/2-1/2

[Event "POL-ChT2"]
[Site "Katowice POL"]
[Date "2010.09.06"]
[Round "3"]
[White "Krainski, Aleksander"]
[Black "Panas, Pawel"]
[Result "1/2-1/2"]
[WhiteElo "2257"]
[BlackElo "2194"]
[EventDate "2010.09.04"]
[PlyCount "65"]

1.Nf3 e6 2.g3 f5 3.Bg2 Nf6 4.O-O d5 5.c4 c6 6.b3 Bd6 7.Bb2 Qe7 8.d3 O-O 9.
Nc3 Nbd7 10.e4 fxe4 11.dxe4 Nxe4 12.Nxe4 dxe4 13.Nd2 e3 14.fxe3 Rxf1+ 15.
Qxf1 Be5 16.Bxe5 Nxe5 17.Ne4 Nf7 18.Rd1 e5 19.c5 Bg4 20.Rd2 Rd8 21.Qc4 
Rxd2 22.Nxd2 Qd7 23.Qc2 Ng5 24.h4 Nf7 25.Bf1 Bf5 26.Qc3 Be6 27.Nf3 Kf8 28.
Kg2 Ke7 29.Be2 Qc7 30.Nd2 Qd7 31.Nf3 Qc7 32.Nd2 Qd7 33.Nf3 1/2-1/2

[Event "POL-ChT2"]
[Site "Katowice POL"]
[Date "2010.09.06"]
[Round "3"]
[White "Toma, Katarzyna"]
[Black "Weglarz, Joanna"]
[Result "1-0"]
[WhiteElo "2245"]
[BlackElo "2037"]
[EventDate "2010.09.04"]
[PlyCount "63"]

1.e4 c5 2.Nf3 a6 3.c4 d6 4.d4 cxd4 5.Nxd4 Nf6 6.Nc3 e6 7.Be2 Be7 8.O-O Qc7
9.Be3 O-O 10.f4 b6 11.Rc1 Nbd7 12.Bf3 Bb7 13.g4 Nc5 14.Qc2 Rfd8 15.g5 Ne8 
16.f5 e5 17.Nde2 f6 18.b4 Nd7 19.Qb3 Kh8 20.g6 h6 21.Rfd1 Bf8 22.Nd5 Bxd5 
23.cxd5 Qb7 24.Rc6 Be7 25.Rdc1 Rdb8 26.Qc2 Bd8 27.Qd2 Nf8 28.Ng3 b5 29.Nh5
Qe7 30.Kh1 Nd7 31.Bxh6 Bb6 32.Bxg7+ 1-0

[Event "POL-ChT2"]
[Site "Katowice POL"]
[Date "2010.09.06"]
[Round "3"]
[White "Staniszewski, Piotr"]
[Black "Czyz, Artur"]
[Result "1-0"]
[WhiteElo "2404"]
[BlackElo "2088"]
[EventDate "2010.09.04"]
[PlyCount "55"]

1.d4 Nf6 2.c4 g6 3.Nf3 Bg7 4.g3 O-O 5.Bg2 d6 6.Nc3 Nc6 7.O-O Bg4 8.d5 Na5 
9.b3 c5 10.Bb2 Ne4 11.Qc1 Nxc3 12.Bxc3 Bxf3 13.exf3 a6 14.Re1 Bxc3 15.Qxc3
b6 16.h4 Qd7 17.h5 e5 18.dxe6 fxe6 19.f4 Rae8 20.hxg6 hxg6 21.Rad1 Kf7 22.
Qd3 Rd8 23.Rxe6 Qxe6 24.Bd5 Rfe8 25.Re1 Qxd5 26.Qxd5+ Kf8 27.Rxe8+ Kxe8 
28.Qe6+ 1-0

[Event "POL-ChT2"]
[Site "Katowice POL"]
[Date "2010.09.06"]
[Round "3"]
[White "Kalvaitis, Sigitas"]
[Black "Janaszak, Dawid"]
[Result "1/2-1/2"]
[WhiteElo "2316"]
[BlackElo "2318"]
[EventDate "2010.09.04"]
[PlyCount "61"]

1.e4 c5 2.Nf3 d6 3.Bb5+ Nc6 4.O-O Bd7 5.Re1 Nf6 6.h3 Ne5 7.Bxd7+ Nfxd7 8.
d3 g6 9.Nxe5 dxe5 10.Bg5 Bg7 11.Qd2 h6 12.Bh4 Nf8 13.Nc3 Ne6 14.Nd5 g5 15.
Bg3 Nf4 16.Bxf4 exf4 17.Nc3 Qb6 18.e5 O-O 19.b3 Rad8 20.Re4 Rd4 21.Rae1 
Qa5 22.a4 a6 23.Nb1 Qc7 24.Qc3 Rfd8 25.Nd2 R8d5 26.Rxd4 Rxd4 27.Nf3 Rd5 
28.a5 e6 29.Re4 Qb8 30.Kh2 Kh8 31.Kg1 1/2-1/2

[Event "POL-ChT2"]
[Site "Katowice POL"]
[Date "2010.09.06"]
[Round "3"]
[White "Dudzinski, Piotr"]
[Black "Piesik, Piotr"]
[Result "1-0"]
[WhiteElo "2318"]
[BlackElo "2237"]
[EventDate "2010.09.04"]
[PlyCount "95"]

1.e4 e6 2.d4 d5 3.exd5 exd5 4.Bd3 Bd6 5.Nf3 Ne7 6.O-O O-O 7.Re1 Nbc6 8.Nc3
f6 9.h3 Nb4 10.Bf1 Bf5 11.Re2 c6 12.a3 Na6 13.Re1 Nc7 14.Nh4 Qd7 15.Nxf5 
Nxf5 16.Qg4 Rad8 17.Bd3 Ne7 18.Qh4 Ng6 19.Qh5 Qf7 20.Bd2 Rfe8 21.Ne2 Nf8 
22.Qf3 Ng6 23.Ng3 Rxe1+ 24.Rxe1 Re8 25.Nf5 Rxe1+ 26.Bxe1 Qe6 27.Bd2 Ne8 
28.Qg4 Nf8 29.Qh4 Bc7 30.Bb4 Nd6 31.Qg3 Nxf5 32.Qxc7 Nxd4 33.Qb8 Qf7 34.
Bxf8 Qxf8 35.Bxh7+ Kf7 36.Qxa7 Ne2+ 37.Kf1 Qe7 38.Qe3 Qxe3 39.fxe3 Ng3+ 
40.Kf2 Nh1+ 41.Kf3 g6 42.g4 Kg7 43.Bxg6 Kxg6 44.Kg2 Kg5 45.Kxh1 Kh4 46.Kg2
c5 47.b3 b6 48.a4 1-0

[Event "POL-ChT2"]
[Site "Katowice POL"]
[Date "2010.09.06"]
[Round "3"]
[White "Swicarz, Maciej"]
[Black "Dudzinski, Pawel"]
[Result "0-1"]
[WhiteElo "2306"]
[BlackElo "2275"]
[EventDate "2010.09.04"]
[PlyCount "114"]

1.e4 c6 2.d4 d5 3.e5 c5 4.dxc5 Nc6 5.Bb5 e6 6.Be3 Ne7 7.Nf3 Nf5 8.Bd4 Bd7 
9.Bxc6 Bxc6 10.c3 Nxd4 11.Qxd4 a5 12.Nbd2 a4 13.O-O Ra5 14.Qg4 Rxc5 15.
Rfc1 g6 16.Nd4 Be7 17.Nxc6 Rxc6 18.Qxa4 O-O 19.Rd1 Qc7 20.Nf3 Rc4 21.Qb3 
Ra8 22.Rd4 Bc5 23.Rd3 b5 24.a3 Qb6 25.Rf1 Re4 26.Qd1 Raa4 27.g3 Kg7 28.Kg2
Qb8 29.Qd2 h6 30.h4 Bb6 31.Rh1 h5 32.Rd1 Bc7 33.Nd4 Bxe5 34.Rh1 Ra6 35.Rh3
Bxd4 36.cxd4 e5 37.f3 Rxd4 38.Rxd4 exd4 39.Qxd4+ Kh7 40.Qxd5 Qc7 41.Rh1 
Rd6 42.Qxb5 Rd2+ 43.Kh3 Qc8+ 44.g4 hxg4+ 45.fxg4 Qe6 46.Rg1 Qe3+ 47.Rg3 
Qf2 48.g5 Qh2+ 49.Kg4 Rd4+ 50.Kf3 Qh1+ 51.Kf2 Rd2+ 52.Ke3 Qe1+ 53.Kf4 Rd4+
54.Kf3 Qe4+ 55.Kf2 Rd2+ 56.Kf1 Qf4+ 57.Ke1 Qf2# 0-1

[Event "POL-ChT2"]
[Site "Katowice POL"]
[Date "2010.09.06"]
[Round "3"]
[White "Wlodarczyk, Oskar"]
[Black "Cajbel, Maciej"]
[Result "1-0"]
[WhiteElo "2318"]
[BlackElo "2221"]
[EventDate "2010.09.04"]
[PlyCount "73"]

1.e4 c5 2.Nf3 Nc6 3.d3 g6 4.g3 Bg7 5.Bg2 d6 6.c3 e5 7.O-O Nge7 8.Nbd2 O-O 
9.a3 h6 10.b4 Be6 11.Rb1 Qd7 12.Re1 Rad8 13.Nc4 b5 14.Ne3 cxb4 15.axb4 d5 
16.exd5 Nxd5 17.Nxd5 Bxd5 18.Qe2 Rfe8 19.Be3 a5 20.Bb6 Ra8 21.c4 Nd4 22.
Nxd4 Bxg2 23.Nxb5 Bb7 24.bxa5 Qc6 25.f3 Re6 26.Nc7 Rf6 27.Nd5 Re6 28.Rb5 
Kh8 29.Nc7 Rf6 30.Nxa8 Bxa8 31.Rd5 Kh7 32.Kf1 h5 33.Kg2 Rf5 34.Rd8 Bf6 35.
Rb8 h4 36.Qe4 h3+ 37.Kg1 1-0

[Event "POL-ChT2"]
[Site "Katowice POL"]
[Date "2010.09.06"]
[Round "3"]
[White "Cagara, Paulina"]
[Black "Magnucka, Milena"]
[Result "0-1"]
[WhiteElo "2070"]
[BlackElo "2061"]
[EventDate "2010.09.04"]
[PlyCount "80"]

1.e4 c5 2.Nf3 d6 3.d4 cxd4 4.Qxd4 Nc6 5.Bb5 Bd7 6.Bxc6 Bxc6 7.c4 Nf6 8.Nc3
e6 9.O-O Be7 10.Re1 O-O 11.Qd3 a6 12.b3 Qc7 13.Bb2 Rfd8 14.Nd4 Nd7 15.Nxc6
Qxc6 16.Rad1 Nc5 17.Qg3 Bf8 18.Ba3 b5 19.Bxc5 dxc5 20.cxb5 axb5 21.a4 Rxd1
22.Rxd1 b4 23.Nb5 Qxe4 24.h3 c4 25.bxc4 Qxc4 26.Nd6 Qc7 27.Qf3 Rxa4 28.Nb5
Qc5 29.Rd7 Ra1+ 30.Kh2 Qe5+ 31.g3 Qf5 32.Qxf5 exf5 33.Rd3 Ra5 34.Nc7 Ra3 
35.Rd8 Ra7 36.Nd5 Rb7 37.Ne3 b3 38.Rd1 b2 39.Rb1 g6 40.Kg2 Bg7 0-1

[Event "POL-ChT2"]
[Site "Katowice POL"]
[Date "2010.09.07"]
[Round "4"]
[White "Jedynak, Radoslaw"]
[Black "Czyz, Artur"]
[Result "1-0"]
[WhiteElo "2492"]
[BlackElo "2088"]
[EventDate "2010.09.04"]
[PlyCount "73"]

1.e4 e5 2.Nf3 Nc6 3.Nc3 Bb4 4.Nd5 Ba5 5.Bc4 d6 6.c3 Nf6 7.d3 Nxd5 8.Bxd5 
O-O 9.a4 a6 10.Be3 Ne7 11.Bb3 h6 12.h3 Ng6 13.g4 Be6 14.g5 Nf4 15.Bxf4 
exf4 16.Bxe6 fxe6 17.gxh6 gxh6 18.Rg1+ Kh7 19.Ng5+ Kh8 20.Qh5 Qf6 21.Nf3 
Bxc3+ 22.bxc3 Qxc3+ 23.Ke2 Qb2+ 24.Nd2 f3+ 25.Ke3 Qf6 26.Nxf3 Rg8 27.e5 
dxe5 28.Qxe5 Raf8 29.Qxf6+ Rxf6 30.Rxg8+ Kxg8 31.Rb1 b6 32.Rc1 Rf7 33.Rc6 
Re7 34.a5 bxa5 35.Rxa6 Rd7 36.Rxa5 Rd6 37.Rc5 1-0

[Event "POL-ChT2"]
[Site "Katowice POL"]
[Date "2010.09.07"]
[Round "4"]
[White "Kalvaitis, Sigitas"]
[Black "Shkapenko, Pavel"]
[Result "0-1"]
[WhiteElo "2316"]
[BlackElo "2426"]
[EventDate "2010.09.04"]
[PlyCount "70"]

1.e4 e5 2.Nf3 Nc6 3.Bb5 Bc5 4.O-O d6 5.d4 exd4 6.Nxd4 Ne7 7.Be3 O-O 8.Nxc6
bxc6 9.Bxc5 cxb5 10.Be3 Bb7 11.Nc3 Qd7 12.Qd3 a6 13.Nd5 Rae8 14.Bf4 f5 15.
Nxe7+ Rxe7 16.exf5 Be4 17.Qb3+ Kh8 18.g4 Qc6 19.Rae1 Bxc2 20.Qc3 Qxc3 21.
bxc3 Rfe8 22.Re3 Rxe3 23.fxe3 Re4 24.h3 Ra4 25.f6 Kg8 26.f7+ Kxf7 27.Bxd6+
Ke6 28.Bxc7 Rxa2 29.Rf8 a5 30.Rb8 Bd3 31.Re8+ Kd7 32.Rd8+ Kxc7 33.Rxd3 a4 
34.e4 Rb2 35.e5 a3 0-1

[Event "POL-ChT2"]
[Site "Katowice POL"]
[Date "2010.09.07"]
[Round "4"]
[White "Slaby, Jerzy"]
[Black "Piesik, Piotr"]
[Result "1/2-1/2"]
[WhiteElo "2477"]
[BlackElo "2237"]
[EventDate "2010.09.04"]
[PlyCount "92"]

1.Nf3 Nf6 2.c4 c6 3.d4 d5 4.Qc2 g6 5.Bf4 Bg7 6.e3 O-O 7.cxd5 Bf5 8.Bd3 
Bxd3 9.Qxd3 cxd5 10.Nc3 Qb6 11.O-O Nbd7 12.Ne5 e6 13.a3 Nxe5 14.Bxe5 Nd7 
15.Bxg7 Kxg7 16.b4 Rac8 17.Na4 Qc6 18.Nc5 b6 19.Na6 Qc4 20.Qxc4 Rxc4 21.b5
Rfc8 22.Nb4 Kf8 23.g3 R8c7 24.Kg2 Ke7 25.Nc6+ Kd6 26.a4 a5 27.g4 f6 28.h4 
h6 29.Kg3 Rc8 30.g5 Nb8 31.Nxb8 Rxb8 32.gxf6 Rf8 33.Rfc1 Rxf6 34.f4 Rf7 
35.Rxc4 dxc4 36.e4 c3 37.Rc1 Rc7 38.Kf3 Rc4 39.Ke3 Kd7 40.Kd3 Rxa4 41.Kxc3
Ra3+ 42.Kc4 Ra4+ 43.Kc3 Rb4 44.Rg1 Rxb5 45.Rxg6 a4 46.Rxh6 a3 1/2-1/2

[Event "POL-ChT2"]
[Site "Katowice POL"]
[Date "2010.09.07"]
[Round "4"]
[White "Swicarz, Maciej"]
[Black "Kuzmicz, Krystian"]
[Result "1/2-1/2"]
[WhiteElo "2306"]
[BlackElo "2407"]
[EventDate "2010.09.04"]
[PlyCount "159"]

1.c4 g6 2.Nf3 Bg7 3.d4 c6 4.Nc3 d6 5.e4 a6 6.a4 a5 7.Be2 Nf6 8.O-O O-O 9.
Bg5 Qc7 10.h3 e5 11.Qd2 exd4 12.Nxd4 Re8 13.Bd3 Na6 14.Rfe1 Nc5 15.Rab1 
Qb6 16.Nc2 Be6 17.Be3 Qc7 18.Nd4 Nfd7 19.Nxe6 Rxe6 20.Bc2 Rae8 21.Bd4 Bxd4
22.Qxd4 f5 23.Kf1 f4 24.Qd2 Rf8 25.f3 Ne5 26.b3 Qg7 27.Ne2 Qh6 28.Nd4 Ref6
29.Qxa5 Ncd7 30.Qd2 Qg7 31.Red1 h5 32.Qf2 Qe7 33.Rd2 Nf7 34.Rbd1 Nde5 35.
Bb1 c5 36.Nb5 g5 37.Nc3 Rg6 38.Nd5 Qd8 39.Ke2 Nc6 40.Kd3 Nfe5+ 41.Kc2 Rf7 
42.Kb2 Qf8 43.Ka3 g4 44.hxg4 hxg4 45.Rh1 Qg7 46.fxg4 Rxg4 47.Bc2 Rg3 48.
Ka2 f3 49.Rg1 Kf8 50.Ne3 Nd4 51.Nf5 Nxf5 52.exf5 Rf6 53.Be4 Qg8 54.Rdd1 
fxg2 55.Rxg2 Rxg2 56.Qxg2 Qxg2+ 57.Bxg2 b6 58.Be4 Rh6 59.Ka3 Ke7 60.Rd2 
Rh3 61.Bd5 Nd3 62.Re2+ Ne5 63.Rg2 Kf6 64.Be6 Rh1 65.Rg3 Rh2 66.b4 Nc6 67.
b5 Nd4 68.a5 bxa5 69.b6 Nxe6 70.fxe6 Kxe6 71.Rb3 Rh8 72.Ka4 d5 73.b7 Rb8 
74.cxd5+ Kxd5 75.Kxa5 c4 76.Rb5+ Kd4 77.Kb4 c3 78.Kb3 c2 79.Kxc2 Kc4 80.
Rb1 1/2-1/2

[Event "POL-ChT2"]
[Site "Katowice POL"]
[Date "2010.09.07"]
[Round "4"]
[White "Kos, Pawel"]
[Black "Cajbel, Maciej"]
[Result "1/2-1/2"]
[WhiteElo "2233"]
[BlackElo "2221"]
[EventDate "2010.09.04"]
[PlyCount "72"]

1.d4 Nf6 2.Nf3 c5 3.c3 g6 4.g3 Bg7 5.Bg2 O-O 6.O-O d5 7.dxc5 a5 8.c4 dxc4 
9.Qxd8 Rxd8 10.Nfd2 Nfd7 11.Nxc4 Na6 12.c6 bxc6 13.Nxa5 Nb4 14.Nxc6 Nxc6 
15.Bxc6 Rb8 16.Rd1 Rxb2 17.Bxb2 Bxb2 18.Nd2 Bxa1 19.Nc4 Ba6 20.Ne3 Be5 21.
Rxd7 Rxd7 22.Bxd7 Bxe2 23.a4 Kf8 24.f4 Bc7 25.Kf2 Ba6 26.f5 Bb6 27.Kf3 
Bb7+ 28.Ke2 gxf5 29.Bxf5 h6 30.Bd3 e6 31.Ng4 Kg7 32.Bb5 f5 33.Ne5 Bc7 34.
Nc4 Bd5 35.a5 Bxc4+ 36.Bxc4 Bxa5 1/2-1/2

[Event "POL-ChT2"]
[Site "Katowice POL"]
[Date "2010.09.07"]
[Round "4"]
[White "Hermanowicz, Dominika"]
[Black "Gasik, Anna"]
[Result "1/2-1/2"]
[WhiteElo "2078"]
[BlackElo "2203"]
[EventDate "2010.09.04"]
[PlyCount "91"]

1.e4 c5 2.Nf3 e6 3.d4 cxd4 4.Nxd4 a6 5.Bd3 Qc7 6.O-O Nf6 7.Qe2 d6 8.c4 b6 
9.Nc3 Bb7 10.f4 Nbd7 11.Kh1 g6 12.f5 e5 13.Nc2 Bg7 14.Ne3 Qd8 15.Ned5 h6 
16.fxg6 fxg6 17.Qf3 O-O 18.Qh3 Kh7 19.Bg5 Qc8 20.Qh4 Nh5 21.Be7 Rxf1+ 22.
Rxf1 Bxd5 23.Nxd5 Qc5 24.Be2 Nf4 25.Nxf4 exf4 26.Qxf4 Ne5 27.Rd1 Nxc4 28.
Rc1 b5 29.b3 Re8 30.Bxc4 bxc4 31.Bxd6 Qd4 32.bxc4 Rxe4 33.Qg3 Qe3 34.Rf1 
Qe2 35.Qf3 Qxf3 36.gxf3 Rxc4 37.Rb1 Rc6 38.Bg3 g5 39.Rb3 a5 40.Ra3 Bf8 41.
Ra4 Bb4 42.a3 Rc1+ 43.Kg2 Ra1 44.Bc7 Rxa3 45.Rxa3 Bxa3 46.Bxa5 1/2-1/2

[Event "POL-ChT2"]
[Site "Katowice POL"]
[Date "2010.09.07"]
[Round "4"]
[White "Gritsak, Orest"]
[Black "Staniszewski, Piotr"]
[Result "1-0"]
[WhiteElo "2521"]
[BlackElo "2404"]
[EventDate "2010.09.04"]
[PlyCount "103"]

1.e4 c6 2.d4 d5 3.Nd2 dxe4 4.Nxe4 Nd7 5.Nf3 Ngf6 6.Nxf6+ Nxf6 7.Ne5 Be6 8.
Be2 g6 9.O-O Bg7 10.Re1 O-O 11.c3 Rc8 12.Nd3 Bc4 13.Qa4 Bxd3 14.Bxd3 a6 
15.Bf1 e6 16.b4 Qc7 17.g3 Nd5 18.Bd2 b5 19.Qc2 Nb6 20.h4 Rfe8 21.h5 e5 22.
dxe5 Bxe5 23.hxg6 hxg6 24.Re4 Nd5 25.Rae1 Nf6 26.R4e2 c5 27.Bg5 Nd7 28.f4 
cxb4 29.fxe5 Nxe5 30.Bg2 Nf3+ 31.Bxf3 Qxg3+ 32.Bg2 Rxe2 33.Qxe2 Qxg5 34.
cxb4 Rc4 35.Qb2 Kh7 36.a3 Qf4 37.Qf2 Qxf2+ 38.Kxf2 Rc3 39.Re3 Rc2+ 40.Kg3 
Rc7 41.Kf4 f6 42.Bd5 Rd7 43.Ke4 f5+ 44.Ke5 Kg7 45.Rc3 Re7+ 46.Be6 f4 47.
Rc8 a5 48.Rg8+ Kh7 49.Rf8 axb4 50.axb4 Kh6 51.Rxf4 g5 52.Rf7 1-0

[Event "POL-ChT2"]
[Site "Katowice POL"]
[Date "2010.09.07"]
[Round "4"]
[White "Janaszak, Dawid"]
[Black "Stoma, Pawel"]
[Result "0-1"]
[WhiteElo "2318"]
[BlackElo "2308"]
[EventDate "2010.09.04"]
[PlyCount "73"]

1.e4 c6 2.d4 d5 3.e5 Bf5 4.Nf3 e6 5.Be2 c5 6.c4 dxc4 7.Be3 Ne7 8.Nc3 Nd7 
9.O-O Nc6 10.d5 Ncxe5 11.dxe6 Bxe6 12.Qa4 Nc6 13.Ng5 Nb6 14.Qc2 Nd4 15.Qd2
Be7 16.Nxe6 Nxe6 17.Bf3 Qxd2 18.Bxd2 O-O-O 19.Rad1 Nd4 20.Be4 f5 21.Bb1 
Bf6 22.a4 g6 23.Be3 Nb3 24.a5 Nxa5 25.Bxc5 Rxd1 26.Rxd1 Rd8 27.Re1 Bxc3 
28.bxc3 Nd5 29.Bc2 b6 30.Bd4 Nc6 31.Bg7 Rg8 32.Bh6 Nxc3 33.Bd2 Nd5 34.Ba4 
Nd4 35.Re5 Rd8 36.Bg5 Rd6 37.g4 0-1

[Event "POL-ChT2"]
[Site "Katowice POL"]
[Date "2010.09.07"]
[Round "4"]
[White "Ksieski, Zbigniew"]
[Black "Dudzinski, Piotr"]
[Result "1/2-1/2"]
[WhiteElo "2359"]
[BlackElo "2318"]
[EventDate "2010.09.04"]
[PlyCount "128"]

1.d4 d5 2.c4 e6 3.Nf3 c6 4.Qc2 Nf6 5.g3 Bd6 6.Nbd2 O-O 7.Bg2 b6 8.O-O Ba6 
9.b3 Nbd7 10.e4 e5 11.Bb2 Qc7 12.Rfe1 dxc4 13.Nxc4 Bxc4 14.Qxc4 Rad8 15.
Rac1 exd4 16.Bxd4 Bc5 17.b4 Bxd4 18.Nxd4 Ne5 19.Qc3 c5 20.Red1 Nc6 21.Nxc6
Rxd1+ 22.Rxd1 Qxc6 23.bxc5 Qxc5 24.Qxc5 bxc5 25.e5 Ng4 26.Rc1 Nxe5 27.Rxc5
Re8 28.Rc7 a5 29.Ra7 g5 30.Rxa5 Kg7 31.g4 h6 32.h3 Nd3 33.h4 gxh4 34.Rh5 
Re1+ 35.Bf1 Ne5 36.Kg2 Nxg4 37.Rxh4 f5 38.Bd3 Kf6 39.Rh5 Re5 40.a4 Kg6 41.
Rh1 Rd5 42.Rd1 Kg5 43.Be2 Re5 44.Bf3 h5 45.Rd5 Re1 46.Bd1 h4 47.Bc2 h3+ 
48.Kxh3 Nxf2+ 49.Kg2 Ne4 50.Kf3 Rf1+ 51.Ke3 Nc3 52.Rc5 Ne4 53.Rc8 Nf6 54.
a5 f4+ 55.Kd4 Ra1 56.Rc5+ Kg4 57.Rc6 Kg5 58.a6 f3 59.Rc5+ Kg4 60.Bd3 Nh5 
61.Ke3 Nf4 62.Rc4 Re1+ 63.Kf2 Ra1 64.Ke3 Re1+ 1/2-1/2

[Event "POL-ChT2"]
[Site "Katowice POL"]
[Date "2010.09.07"]
[Round "4"]
[White "Dudzinski, Pawel"]
[Black "Miroslaw, Michal"]
[Result "1-0"]
[WhiteElo "2275"]
[BlackElo "2291"]
[EventDate "2010.09.04"]
[PlyCount "83"]

1.e4 c6 2.d4 d5 3.exd5 cxd5 4.Bd3 Nc6 5.c3 Nf6 6.h3 e5 7.dxe5 Nxe5 8.Nf3 
Nxd3+ 9.Qxd3 Be7 10.O-O O-O 11.Re1 Be6 12.Nd4 Qd7 13.Bg5 Ne4 14.Bxe7 Qxe7 
15.Nd2 Nc5 16.Qc2 Rac8 17.Re3 Qf6 18.Rae1 h6 19.N2b3 Ne4 20.f3 Ng5 21.h4 
Nh7 22.Qf2 Bd7 23.Qg3 Rfe8 24.Rxe8+ Rxe8 25.Nc5 Rxe1+ 26.Qxe1 Bc6 27.Nd3 
Nf8 28.Qe5 Qxe5 29.Nxe5 Bd7 30.Kf2 f6 31.Nd3 Ng6 32.g3 Ne5 33.Ke2 Kf7 34.
Nb4 Be6 35.b3 a5 36.Nd3 Bd7 37.Nf4 Bc6 38.h5 Ke7 39.Ke3 Kf7 40.Nfe6 g6 41.
Nd8+ Ke8 42.hxg6 1-0

[Event "POL-ChT2"]
[Site "Katowice POL"]
[Date "2010.09.07"]
[Round "4"]
[White "Panas, Pawel"]
[Black "Wlodarczyk, Oskar"]
[Result "1/2-1/2"]
[WhiteElo "2194"]
[BlackElo "2318"]
[EventDate "2010.09.04"]
[PlyCount "143"]

1.d4 Nf6 2.Nf3 e6 3.e3 b6 4.Bd3 Bb7 5.O-O c5 6.c4 Be7 7.Nc3 cxd4 8.exd4 
O-O 9.Bg5 d5 10.Bxf6 Bxf6 11.cxd5 exd5 12.Qb3 Nc6 13.Rfd1 Na5 14.Qc2 g6 
15.b3 Nc6 16.Bb5 Qd6 17.Rac1 Rac8 18.Qd2 Nd8 19.Bf1 a6 20.g3 Ne6 21.Bh3 
Kg7 22.Ne2 Rfe8 23.Rxc8 Bxc8 24.Bg2 h6 25.h4 Nf8 26.Nh2 Bf5 27.Nc3 Be6 28.
Ne2 Rc8 29.Rc1 Rxc1+ 30.Nxc1 Bd7 31.Ne2 Ne6 32.Ng4 g5 33.Ne3 Nc7 34.hxg5 
hxg5 35.Qd3 Qb4 36.Nc2 Qb5 37.Qxb5 Bxb5 38.Nc3 Bd3 39.Nb4 Bxd4 40.Ncxd5 
Nxd5 41.Nxd3 Nc3 42.a4 f5 43.Bc6 Ne4 44.b4 Nxg3 45.a5 bxa5 46.bxa5 Ne4 47.
Bb7 Bc3 48.Bxa6 Bxa5 49.Bc8 Kf6 50.Kg2 Nd6 51.Bd7 f4 52.Kf3 Nf7 53.Bc8 Bc7
54.Bd7 Bd6 55.Bc8 Nh8 56.Kg4 Nf7 57.Kh5 Ba3 58.Bd7 Nd6 59.Kg4 Nc4 60.Bc8 
Bd6 61.Bd7 Nd2 62.Bc6 Nf1 63.Kh3 Kf5 64.Kg2 Nd2 65.f3 Nc4 66.Nf2 Ke5 67.
Ng4+ Kd4 68.Bb5 Bb4 69.Ba6 Be1 70.Bb5 Nd6 71.Ba6 Nf5 72.Bb7 1/2-1/2

[Event "POL-ChT2"]
[Site "Katowice POL"]
[Date "2010.09.07"]
[Round "4"]
[White "Magnucka, Milena"]
[Black "Toma, Katarzyna"]
[Result "1-0"]
[WhiteElo "2061"]
[BlackElo "2245"]
[EventDate "2010.09.04"]
[PlyCount "145"]

1.e4 c5 2.Nf3 Nc6 3.d4 cxd4 4.Nxd4 g6 5.Nc3 Bg7 6.Be3 Nf6 7.Bc4 O-O 8.Bb3 
a5 9.a4 d6 10.h3 Nb4 11.Nde2 Bd7 12.Nf4 Bc6 13.Nfd5 Nd7 14.Bg5 Re8 15.O-O 
Nc5 16.Re1 h6 17.Bd2 e6 18.Nf4 Qc7 19.f3 Rac8 20.Be3 Red8 21.Qe2 Nxb3 22.
cxb3 d5 23.exd5 exd5 24.Na2 Nxa2 25.Rxa2 d4 26.Bd2 Qb6 27.Qd3 Qc7 28.Raa1 
Be5 29.Ne2 h5 30.f4 Bg7 31.f5 Qe5 32.fxg6 fxg6 33.Qxg6 Be4 34.Qg3 Qc5 35.
Kh1 Bh7 36.Nf4 Re8 37.Ne6 Qe7 38.Bh6 h4 39.Qxg7+ Qxg7 40.Bxg7 Kf7 41.Bxd4 
Rxe6 42.Rxe6 Kxe6 43.Re1+ Kd5 44.Bc3 Be4 45.Rd1+ Ke6 46.Bxa5 Rg8 47.Rd2 
Rg3 48.Kh2 Rxb3 49.Bd8 Rb4 50.Bxh4 Bxg2 51.Rxg2 Rxh4 52.Rg4 Rh7 53.Kg3 Kf5
54.h4 Rd7 55.Rf4+ Ke5 56.Rb4 Rg7+ 57.Kh3 Kf5 58.h5 Kf6 59.Kh4 Kf5 60.Rb5+ 
Kf4 61.h6 Rg1 62.Kh5 Rh1+ 63.Kg6 Rg1+ 64.Kf6 Rh1 65.Kg7 Rg1+ 66.Kh8 Rg6 
67.Kh7 Rc6 68.Rxb7 Kf5 69.Kg7 Kg5 70.b4 Rxh6 71.Kg8 Ra6 72.a5 Ra8+ 73.Kf7 
1-0

[Event "POL-ChT2"]
[Site "Katowice POL"]
[Date "2010.09.07"]
[Round "4"]
[White "Talla, Vladimir"]
[Black "Maksimenko, Andrei"]
[Result "0-1"]
[WhiteElo "2456"]
[BlackElo "2544"]
[EventDate "2010.09.04"]
[PlyCount "120"]

1.e4 c5 2.Nf3 d6 3.d4 cxd4 4.Nxd4 Nf6 5.Nc3 a6 6.Be3 e6 7.f3 b5 8.Qd2 Nbd7
9.g4 h6 10.O-O-O b4 11.Nce2 Qc7 12.h4 d5 13.exd5 Nxd5 14.Nf4 N7b6 15.Nxd5 
Nxd5 16.Bd3 Bd6 17.Kb1 Bb7 18.Be4 O-O-O 19.Qe2 Bc5 20.Bf2 Qb6 21.Rhf1 Rd7 
22.Nb3 Bxf2 23.Rxf2 Rhd8 24.Rff1 a5 25.Bxd5 Rxd5 26.Rxd5 Rxd5 27.c4 bxc3 
28.Rc1 Kb8 29.Rxc3 e5 30.Nd2 Qg1+ 31.Rc1 Qd4 32.Ne4 Qd3+ 33.Qxd3 Rxd3 34.
Nc5 Rxf3 35.Nd7+ Ka7 36.Nxe5 Rf4 37.Rc7 f6 38.Ng6 Rxg4 39.h5 Rg5 40.Rxg7 
Rxh5 41.Nf4 Rf5 42.Ne6 Kb6 43.Kc2 Bd5 44.Nd4 Rg5 45.Re7 Kc5 46.Nb3+ Kd6 
47.Ra7 h5 48.Nd2 h4 49.Rh7 Rg4 50.Rh5 Ke6 51.b3 f5 52.a3 Ke5 53.Kd1 Kf4 
54.b4 axb4 55.axb4 Rg1+ 56.Ke2 Rg2+ 57.Kd3 Kg4 58.Rh6 h3 59.b5 Kg3 60.b6 
Rxd2+ 0-1

[Event "POL-ChT2"]
[Site "Katowice POL"]
[Date "2010.09.07"]
[Round "4"]
[White "Grabarczyk, Miroslaw"]
[Black "Zawadzki, Stanislaw"]
[Result "1/2-1/2"]
[WhiteElo "2475"]
[BlackElo "2412"]
[EventDate "2010.09.04"]
[PlyCount "73"]

1.d4 d5 2.c4 c6 3.Nf3 Nf6 4.e3 Bf5 5.cxd5 cxd5 6.Qb3 Qc7 7.Bd2 e6 8.Bb5+ 
Nc6 9.O-O Bd6 10.Bb4 O-O 11.Bxc6 bxc6 12.Bxd6 Qxd6 13.Ne5 c5 14.Qa3 Rfc8 
15.Nd2 Ne8 16.Nb3 cxd4 17.Qxd6 Nxd6 18.Nxd4 Rc7 19.Rfc1 Rac8 20.Rc6 Rxc6 
21.Nexc6 Rc7 22.b4 Bd3 23.a4 f6 24.b5 e5 25.Ne6 Rf7 26.Rd1 Bc4 27.Na5 Re7 
28.Nc5 Rc7 29.Nxc4 Nxc4 30.Na6 Rd7 31.Nb8 Rd6 32.Rc1 Kf7 33.Kf1 Rb6 34.Nd7
Rb7 35.Nc5 Rc7 36.Nb3 Ke6 37.Ke2 1/2-1/2

[Event "POL-ChT2"]
[Site "Katowice POL"]
[Date "2010.09.07"]
[Round "4"]
[White "Bulski, Krzysztof"]
[Black "Krysztofiak, Marcin"]
[Result "1/2-1/2"]
[WhiteElo "2459"]
[BlackElo "2463"]
[EventDate "2010.09.04"]
[PlyCount "54"]

1.e4 c6 2.d4 d5 3.Nc3 dxe4 4.Nxe4 Bf5 5.Ng3 Bg6 6.h4 h6 7.Nf3 Nd7 8.h5 Bh7
9.Bd3 Bxd3 10.Qxd3 e6 11.Bd2 Qc7 12.O-O-O O-O-O 13.Ne4 Ngf6 14.g3 Nc5 15.
Nxc5 Bxc5 16.c4 Qe7 17.Kb1 Bb4 18.Bxb4 Qxb4 19.Ne5 Rhf8 20.Rh4 Nd7 21.Nf3 
Qa5 22.b3 Nf6 23.Ne5 Nd7 24.Nf3 Nf6 25.Ne5 Nd7 26.Nf3 Nf6 27.Ne5 Nd7 
1/2-1/2